=LDR 00000nam 2200000 4500 =001 INLIS000000000049085 =990 ##$$a 21601548 =990 ##$$a 21601548 =005 20230605013933 =990 ##$$a 92069/BPAP-NTB/2014 =990 ##$$a 92069/BPAP-NTB/2014 =035 ##$$a 0010-011700000000366 =990 ##$$a 21004287 =990 ##$$a 21004287 =008 230605################g##########0#ind## =990 ##$$a 21601545 =990 ##$$a 21601545 =020 ##$$a 978-979-010-171-5 =990 ##$$a 21601546 =990 ##$$a 21601546 =040 ##$$a NBPDMAT =990 ##$$a 21601547 =990 ##$$a 21601547 =082 ##$$a 371.12 =990 ##$$a 21601549 =990 ##$$a 21601549 =990 ##$$a 20801570 =090 ##$$a 371.12 Ham p =990 ##$$a 20801570 =100 ##$$a Hamzah B Uno =245 1#$$a Profesi Kependidikan Problem, Solusi dan Reformasi Pendidikan di Indonesia /$c Prof Dr. H. Hamzah B. Uno =250 ##$$a cet.10 =260 ##$$a Jakarta :$b Bumi Aksara,$c 2014 =300 ##$$a ix, 146 hlm. : $b ilus. ; $c 23 x 15 cm. =500 ##$$a Bibliografi : hlm. 141-143 =650 #4$$a Guru =084 ##$$a 371.12 HAM p =990 ##$$a 92069/BPAP-NTB/2014 =990 ##$$a 21004287 =990 ##$$a 21601545 =990 ##$$a 21601546 =990 ##$$a 21601547 =990 ##$$a 21601548 =990 ##$$a 21601549 =990 ##$$a 20801570